Jasmine on a string : (Record no. 90033)

MARC details
000 -LEADER
fixed length control field 00699nam a22002057a 4500
005 - DATE AND TIME OF LATEST TRANSACTION
control field 20141121120757.0
010 ## - LCCN (DPL NO)
LC control number ENG-111226
020 ## - INTERNATIONAL STANDARD BOOK NUMBER
International Standard Book Number 9780199452484
Terms of availability 695.00
020 ## - INTERNATIONAL STANDARD BOOK NUMBER
International Standard Book Number 0199452482
Terms of availability 695.00
035 ## - SYSTEM CONTROL NUMBER
System control number EN-94758
037 ## - SOURCE OF ACQUISITION
Source of stock number/acquisition DBAD/PUB
082 ## - DEWEY DECIMAL CLASSIFICATION NUMBER
Classification number 891.4
100 ## - MAIN ENTRY--PERSONAL NAME
Personal name Joseph, Margaret Paul
245 ## - TITLE STATEMENT
Title Jasmine on a string :
Statement of responsibility, etc by Margaret Paul Joseph
Remainder of title a survery of women writing English fiction in India /
260 ## - PUBLICATION, DISTRIBUTION, ETC. (IMPRINT)
Place of publication, distribution, etc New Delhi
Name of publisher, distributor, etc Oxford University Press
Date of publication, distribution, etc 2014
270 ## - ADDRESS
Address YMCA Library building, 1 Jai Singh Road
City New Delhi
Postal code 110001
300 ## - PHYSICAL DESCRIPTION
Extent xi, 297p.
Dimensions 22cm(Hb)
500 ## - GENERAL NOTE
General note Includes bibliographical references and index
942 ## - ADDED ENTRY ELEMENTS (KOHA)
Source of classification or shelving scheme Dewey Decimal Classification
Item type English Books
Call number suffix JOS
Classification part 891.4
Holdings
Withdrawn status Lost status Not for loan Collection code Home library Current library Date acquired Source of acquisition Cost, normal purchase price Full call number Barcode Copy number Cost, replacement price Koha item type
    Not For Loan Non-fiction D.B.Act.Division D.B.Act.Division 13/11/2014 DBAD/PUB 695.00 891.4 JOS EN-94758 1 695.00 English Books

© Delhi Public Library
Hit Counter
free hit counter